[Event "SK Ehrenburg-Groeden"]
[Site "?"]
[Date "2013.02.16"]
[Round "9.3"]
[White "Moroder, Stephan"]
[Black "Gruber, Alexander"]
[Result "1-0"]
[WhiteElo "2083"]
[BlackElo "1796"]
[PlyCount "81"]
[EventDate "2013.??.??"]

1. e4 e6 2. d4 d5 3. Nd2 dxe4 4. Nxe4 Nd7 5. Nf3 Ngf6 6. Nxf6+ Nxf6 7. Bd3 Be7
8. c3 O-O 9. Ne5 Qd5 10. O-O b6 11. c4 Qb7 12. Bg5 c6 13. Qf3 Bd7 14. Qh3 g6
15. Qh4 Kg7 16. Qh6+ Kg8 17. Qh4 Kg7 18. Ng4 Nxg4 19. Bxe7 f5 20. Bxf8+ Rxf8
21. Rfe1 Bc8 22. f3 Nf6 23. Qf2 Rd8 24. Rad1 Qc7 25. Qe3 Kf7 26. Bc2 Re8 27.
Bb3 Qd7 28. Qe5 Bb7 29. a4 a6 30. c5 b5 31. Re2 Bc8 32. axb5 axb5 33. g4 fxg4
34. fxg4 Nd5 35. Bxd5 cxd5 36. Rf1+ Kg8 37. b4 Qe7 38. g5 Qa7 39. Ref2 Qe7 40.
h4 Bd7 41. Rf6 1-0

[Event "SK Ehrenburg-Groeden"]
[Site "?"]
[Date "2013.02.16"]
[Round "9.4"]
[White "Babinetz, Rainer"]
[Black "Moroder, Thomas"]
[Result "1/2-1/2"]
[WhiteElo "1897"]
[BlackElo "1894"]
[PlyCount "133"]
[EventDate "2013.??.??"]

1. Nf3 Nf6 2. g3 g6 3. d3 Bg7 4. Bg2 O-O 5. O-O d5 6. c3 c5 7. Qc2 Nc6 8. Nbd2
e5 9. b3 Re8 10. e4 h6 11. Ba3 b6 12. Rac1 Be6 13. Rfd1 Rc8 14. Bb2 Re7 15. h3
Rd7 16. Nh2 Qc7 17. Ndf1 c4 18. dxc4 dxc4 19. Rxd7 Nxd7 20. Ne3 cxb3 21. axb3
Nc5 22. Nd5 Qd8 23. Rd1 Nd7 24. Nf1 Nd4 25. Qb1 Nxb3 26. Nfe3 Bf8 27. c4 Na5
28. f4 Nxc4 29. Nxc4 Rxc4 30. Qd3 Qc8 31. f5 Bxd5 32. Qxd5 Qc5+ 33. Kh1 Qxd5
34. Rxd5 Rc7 35. fxg6 fxg6 36. h4 Kf7 37. Bh3 Ke8 38. Bf1 Rc5 39. Rd1 Nf6 40.
Bd3 Ng4 41. Rf1 Be7 42. Ba3 Ra5 43. Bc1 Bc5 44. Bc4 Nf2+ 45. Kg2 Nxe4 46. Bf7+
Ke7 47. Bxh6 Ra3 48. Bg5+ Nxg5 49. hxg5 Be3 50. Bxg6 Bxg5 51. Rf5 Bf6 52. g4
Ra4 53. Kg3 e4 54. g5 Bc3 55. Bh5 Be1+ 56. Kg2 Ra2+ 57. Kf1 Bc3 58. g6 Rh2 59.
Kg1 Rh4 60. Kg2 e3 61. Kf3 Bd4 62. Rf7+ Kd6 63. Rf5 Rh2 64. Ke4 Rh4+ 65. Kf3
Ke6 66. Rg5 Bf6 67. Bg4+ 1/2-1/2

[Event "SK Ehrenburg-Groeden"]
[Site "?"]
[Date "2013.02.16"]
[Round "9.5"]
[White "Prinoth, Franz"]
[Black "Mairhofer, Lino"]
[Result "1/2-1/2"]
[WhiteElo "1772"]
[BlackElo "1743"]
[PlyCount "120"]
[EventDate "2013.??.??"]

1. e4 c5 2. Nf3 Nc6 3. Nc3 d6 4. Be2 Nf6 5. O-O g6 6. d3 Bg7 7. h3 O-O 8. Nh2
Nd4 9. f4 Nxe2+ 10. Qxe2 a6 11. a4 b6 12. Nf3 Bb7 13. Bd2 Qc7 14. Rae1 e6 15.
Qf2 Bc6 16. Qh4 b5 17. e5 Ne8 18. axb5 axb5 19. Ne4 Bxe4 20. Rxe4 d5 21. Ree1
Ra2 22. Rb1 Qa7 23. Kh1 Nc7 24. Qe7 Qb6 25. Rfc1 d4 26. b4 c4 27. Qc5 Qxc5 28.
bxc5 c3 29. Be1 Rd8 30. Bf2 Ra4 31. Ng5 Bh6 32. h4 Rd5 33. g3 Bxg5 34. hxg5
Rxc5 35. Kg2 Rd5 36. Kf3 h5 37. gxh6 Kh7 38. g4 Kxh6 39. Rh1+ Kg7 40. Bh4 Ne8
41. Ke4 Ra2 42. Rh2 f5+ 43. gxf5 gxf5+ 44. Kf3 Rd7 45. Bf6+ Kg8 46. Rh6 Ng7 47.
Bh4 Rb7 48. Rg1 b4 49. Rxe6 b3 50. cxb3 Rxb3 51. Rc6 Rb7 52. Bf6 Rf7 53. Rc8+
Kh7 54. Rh1+ Kg6 55. Rg8 Rxf6 56. exf6 Kxf6 57. Rh6+ Kf7 58. Rc8 Ra7 59. Rcc6
Ne8 60. Rc4 Kg7 1/2-1/2

[Event "SK Ehrenburg-Groeden"]
[Site "?"]
[Date "2013.02.16"]
[Round "9.6"]
[White "Mairhofer, Rene"]
[Black "Knottner, Klaus"]
[Result "1-0"]
[WhiteElo "1623"]
[BlackElo "1648"]
[PlyCount "55"]
[EventDate "2013.??.??"]

1. e4 e5 2. Nf3 Nc6 3. Bb5 a6 4. Ba4 Nf6 5. O-O Be7 6. Re1 b5 7. Bb3 d6 8. h3
Na5 9. d4 Nxb3 10. axb3 exd4 11. Qxd4 O-O 12. c4 c5 13. Qd3 b4 14. Bf4 Qb6 15.
Nbd2 Bb7 16. Nf1 Rfe8 17. Ng3 Rad8 18. Rad1 Bc8 19. Nh4 Nxe4 20. Qxe4 g5 21.
Bxg5 Bxg5 22. Qxe8+ Rxe8 23. Rxe8+ Kg7 24. Rxc8 Qb7 25. Nhf5+ Kf6 26. Rxd6+ Ke5
27. Re8+ Kf4 28. Re4+ 1-0

[Event "SK Gries-SK Passeier"]
[Site "?"]
[Date "2013.02.16"]
[Round "9.1"]
[White "Pichler, Michael"]
[Black "Spornberger, Maximilian"]
[Result "0-1"]
[WhiteElo "1832"]
[BlackElo "2222"]
[PlyCount "96"]
[EventDate "2013.??.??"]

1. e4 e6 2. d4 d5 3. Nd2 Nf6 4. e5 Nfd7 5. Bd3 c5 6. c3 Nc6 7. Ne2 cxd4 8. cxd4
f6 9. exf6 Nxf6 10. O-O Bd6 11. Nf3 O-O 12. Bd2 Bd7 13. Rc1 Rc8 14. Qb3 Nh5 15.
Ng5 g6 16. f4 Ng7 17. Bxg6 hxg6 18. Qh3 Nh5 19. g4 Nf6 20. Qh6 Qe7 21. Qxg6+
Qg7 22. Qb1 Nh7 23. Qxh7+ Qxh7 24. Nxh7 Kxh7 25. h4 Ne7 26. Rxc8 Rxc8 27. Nc3
Rg8 28. g5 Nf5 29. h5 Ng3 30. Rf3 Nxh5 31. Rh3 Be8 32. f5 exf5 33. Nxd5 Kg7 34.
Ne3 Rf8 35. d5 Bc5 36. Kh2 Bxe3 37. Bxe3 a6 38. Bc5 Rg8 39. Rb3 Kg6 40. Rxb7
Kxg5 41. Be7+ Kg4 42. d6 Kf3 43. Rb3+ Ke2 44. Rb8 Nf4 45. Bg5 Rxg5 46. Rxe8+
Kf2 47. Rh8 Rg2+ 48. Kh1 Ne2 0-1

[Event "SK Gries-SK Passeier"]
[Site "?"]
[Date "2013.02.16"]
[Round "9.2"]
[White "Spornberger, Andre"]
[Black "Innerhofer, Hannes"]
[Result "1-0"]
[WhiteElo "2048"]
[BlackElo "1629"]
[PlyCount "37"]
[EventDate "2013.??.??"]

1. e4 d5 2. exd5 Nf6 3. d4 Nxd5 4. c4 Nf6 5. Nf3 e6 6. Nc3 b6 7. Be2 Be7 8. Bf4
c6 9. Ne5 Bb7 10. Bf3 Qc8 11. Qa4 O-O $1 12. O-O $1 Nfd7 13. Nxd7 Nxd7 14. Rac1
Bf6 15. Ne4 Bxd4 16. Nd6 Qc7 17. c5 e5 18. Nxb7 b5 19. Qxd4 1-0

[Event "SK Gries-SK Passeier"]
[Site "?"]
[Date "2013.02.16"]
[Round "9.3"]
[White "Pirpamer, Klaus"]
[Black "Paulmichl, Martin"]
[Result "1-0"]
[WhiteElo "1749"]
[BlackElo "1953"]
[PlyCount "117"]
[EventDate "2013.??.??"]

1. d4 Nf6 2. c4 e5 3. dxe5 Ng4 4. Nf3 Bc5 5. e3 Nc6 6. Nc3 O-O $1 7. Be2 Ngxe5
8. O-O Nxf3+ 9. Bxf3 Ne5 10. b3 Re8 11. Bb2 a5 12. Ne4 Bf8 13. Rc1 Ra6 14. Be2
Qh4 15. f4 Ng6 16. Ng3 Ne7 17. Re1 Rh6 18. Nf1 Nf5 19. g3 Nxg3 20. hxg3 Qh1+
21. Kf2 Bc5 22. Bd4 Bb4 23. Bc3 Bc5 24. Bf3 Qh3 25. Bg4 Qh1 26. Qf3 b6 27. Qxh1
Rxh1 28. Bf3 Rh6 29. Rcd1 d6 30. Bd4 Bb4 31. Re2 Ba6 32. Bc6 Re7 33. e4 Bc8 34.
e5 dxe5 35. Bxe5 Bc5+ 36. Ne3 f6 37. Rd8+ Kf7 38. Bd5+ Be6 39. Bxe6+ Rxe6 40.
Bd4 Rh2+ 41. Kf3 Rxe2 42. Kxe2 Ke7 43. Rd5 Ba3 44. Kf3 g6 45. f5 Rc6 46. g4 Bc1
47. Bc3 Bxe3 48. Kxe3 a4 49. g5 fxg5 50. f6+ Ke8 51. Rxg5 axb3 52. axb3 Kf8 53.
Rd5 Re6+ 54. Be5 h5 55. Kf4 c6 56. Rd6 Kf7 57. Rxe6 Kxe6 58. Kg5 Kf7 59. b4 1-0

[Event "SK Gries-SK Passeier"]
[Site "?"]
[Date "2013.02.16"]
[Round "9.4"]
[White "Niederstaetter, Harald"]
[Black "Kofler, Josef"]
[Result "1-0"]
[WhiteElo "1930"]
[BlackElo "1564"]
[PlyCount "45"]
[EventDate "2013.??.??"]

1. d4 Nf6 2. Nf3 e6 3. e3 b6 4. Nbd2 Bb7 5. Bd3 d5 6. Ne5 Bd6 7. O-O c5 8. b3
Qc7 9. f4 cxd4 10. exd4 Qc3 11. Bb5+ Ke7 12. Rb1 Qxd4+ 13. Kh1 a6 14. Bd3 Nbd7
15. Ndf3 Qc5 16. Qe2 Qc7 17. Nxf7 Rhf8 18. N7g5 Ne4 19. Nxe4 dxe4 20. Bxe4 Bxf4
21. Bxb7 Qxb7 22. Nd4 Be5 23. Ba3+ 1-0

[Event "SK Gries-SK Passeier"]
[Site "?"]
[Date "2013.02.16"]
[Round "9.5"]
[White "Ennemoser, Karl"]
[Black "Zammarchi, Massimo"]
[Result "0-1"]
[WhiteElo "1424"]
[BlackElo "1900"]
[PlyCount "66"]
[EventDate "2013.??.??"]

1. d4 Nf6 2. c4 g6 3. Nc3 Bg7 4. Nf3 d6 5. e3 O-O $1 6. Bd3 Nc6 7. O-O $1 e5 8.
dxe5 dxe5 9. a3 a5 10. Qc2 Bg4 11. Be2 Qe8 12. h3 Bd7 13. Nb5 Rc8 14. Bd2 Bf5
15. Qb3 Ne4 16. Bc3 Qe7 17. Rad1 Nc5 18. Qa2 a4 19. Rd5 Be4 20. Rxc5 Qxc5 21.
Bb4 Nxb4 22. axb4 Qxb4 23. Rd1 Rfd8 24. Rxd8+ Rxd8 25. Ng5 Qe1+ 26. Kh2 Qxe2
27. Nxe4 Qc2 28. Nbc3 f5 29. c5+ Qb3 30. Ng5 Qxa2 31. Nxa2 e4 32. Ne6 Be5+ 33.
f4 exf3+ 0-1

[Event "SK Gries-SK Passeier"]
[Site "?"]
[Date "2013.02.16"]
[Round "9.6"]
[White "Kovacevic, Haris"]
[Black "Schiefer, Roland"]
[Result "0-1"]
[WhiteElo "1432"]
[BlackElo "1337"]
[PlyCount "74"]
[EventDate "2013.??.??"]

1. e4 e5 2. Nf3 Bc5 3. Bc4 d6 4. d3 h6 5. O-O $1 Bg4 6. Nbd2 a6 7. a3 Nc6 8. b4
Bd4 9. Rb1 Nf6 10. Bb2 b5 11. Ba2 O-O $1 12. c3 Bb6 13. a4 Nh5 14. a5 Ba7 15.
h3 Be6 16. Bxe6 fxe6 17. d4 Nf4 18. Nb3 Qf6 19. Kh2 Qg6 20. g3 Nh5 21. Qe2 Rf7
22. Nh4 Qg5 23. Ng2 Nf6 24. Rbe1 Raf8 25. Bc1 Qg6 26. f3 Nh5 27. g4 Nf6 28. Nh4
Qh7 29. Ng2 Qg6 30. Nh4 Qh7 31. Ng2 g5 32. Ne3 h5 33. Kg2 hxg4 34. hxg4 Qg6 35.
Rh1 Nxe4 36. Rd1 Rxf3 37. Rd2 Rg3+ 0-1

[Event "SK Steinegg/Raiffeisen-Groeden II"]
[Site "?"]
[Date "2013.02.16"]
[Round "9.1"]
[White "Grossrubatscher, Johann"]
[Black "Engl, Stefan"]
[Result "1-0"]
[WhiteElo "1489"]
[BlackElo "1828"]
[PlyCount "105"]
[EventDate "2013.??.??"]

1. f4 e5 2. fxe5 d6 3. exd6 Bxd6 4. Nf3 Nf6 5. d4 Ng4 6. Qd3 c5 7. Qe4+ Be6 8.
d5 Nf6 9. Qa4+ Bd7 10. Qb3 b5 11. Bg5 h6 12. Qe3+ Qe7 13. Qxe7+ Kxe7 14. Bxf6+
Kxf6 15. Nbd2 Re8 16. O-O-O Re3 17. g3 Na6 18. a3 Nc7 19. Nb3 Bf5 20. Na5 Rb8
21. c4 a6 22. Kd2 Rbe8 23. Re1 Na8 24. Bg2 Nb6 25. Nh4 Bg4 26. Rhf1+ Kg5 27.
Nf3+ Kg6 28. b3 bxc4 29. Nb7 c3+ 30. Kd1 Nc8 31. Nh4+ Kh7 32. Bf3 Bd7 33. Ng2
c2+ 34. Kxc2 Bf5+ 35. Kb2 Be5+ 36. Ka2 Bc3 37. Nxe3 Rxe3 38. Rc1 c4 39. bxc4
Nb6 40. Nd6 Bg6 41. g4 Na4 42. Nf5 Bd2 43. Nxe3 Bxe3 44. Kb3 Nc5+ 45. Ka2 Bf4
46. h4 Kg8 47. h5 Bh7 48. Rc3 Be5 49. Re3 f6 50. Rxe5 fxe5 51. d6 e4 52. Bg2
Nd7 53. Kb3 1-0

[Event "SK Steinegg/Raiffeisen-Groeden II"]
[Site "?"]
[Date "2013.02.16"]
[Round "9.2"]
[White "Lantschner, Carmen"]
[Black "Taschler, Manuel"]
[Result "1/2-1/2"]
[WhiteElo "1726"]
[BlackElo "1550"]
[PlyCount "82"]
[EventDate "2013.??.??"]

1. e4 e5 2. Nf3 Nc6 3. d4 exd4 4. Nxd4 Nxd4 5. Qxd4 d6 6. Bc4 Be6 7. Nc3 Bxc4
8. Qxc4 Nf6 9. Be3 a6 10. O-O Be7 11. Rad1 O-O 12. e5 Nd7 13. exd6 Bxd6 14. Bf4
Nb6 15. Qd4 Bxf4 16. Qxf4 Qc8 17. Nd5 Nxd5 18. Rxd5 c6 19. Rd3 Qe6 20. a3 Rad8
21. Qd2 Qf6 22. b3 Rxd3 23. Qxd3 Rd8 24. Qe2 Qd6 25. a4 g6 26. Re1 Qd2 27. Kf1
Qxe2+ 28. Kxe2 Re8+ 29. Kd2 Rxe1 30. Kxe1 f5 31. c4 c5 32. Ke2 Kf7 33. f4 Kf6
34. Kf3 h6 35. h3 h5 36. g4 h4 37. g5+ Ke6 38. Ke3 Kd6 39. Kd3 Kc6 40. Kc3 a5
41. Kd3 Kc7 1/2-1/2

[Event "SK Steinegg/Raiffeisen-Groeden II"]
[Site "?"]
[Date "2013.02.16"]
[Round "9.3"]
[White "Goller, Bruno"]
[Black "Engl, Alexander"]
[Result "1-0"]
[WhiteElo "1455"]
[BlackElo "1710"]
[PlyCount "125"]
[EventDate "2013.??.??"]

1. d4 f5 2. c4 Nf6 3. g3 g6 4. Bg2 Bg7 5. Nf3 d6 6. Nc3 O-O 7. O-O Nc6 8. Re1
e5 9. dxe5 Nxe5 10. Qb3 Nxf3+ 11. Bxf3 c6 12. Bf4 Re8 13. Rad1 Bf8 14. e4 fxe4
15. Nxe4 Nxe4 16. Bxe4 Qf6 17. h4 h6 18. Qc2 Kg7 19. Bd2 Qf7 20. h5 Bf5 21.
Bc3+ Kh7 22. hxg6+ Bxg6 23. Bxg6+ Qxg6 24. Qb3 Qf7 25. Qc2+ Qg6 26. Qd2 Rad8
27. Qd4 Qg8 28. Rxe8 Rxe8 29. Qxa7 Qf7 30. Qd4 Qg8 31. Kg2 Be7 32. Re1 Qf7 33.
Qe4+ Kg8 34. Qg4+ Kf8 35. Re3 Bf6 36. Rf3 Re6 37. Qh3 Kg7 38. Bxf6+ Rxf6 39.
Qg4+ Kh7 40. Qe4+ Kg7 41. Qg4+ Kh7 42. Rxf6 Qxf6 43. Qd7+ Kg6 44. Qxb7 d5 45.
cxd5 cxd5 46. Qxd5 Qxb2 47. Qg8+ Kf5 48. Qf7+ Kg5 49. Qd5+ Kg6 50. a4 Qb6 51.
Qb5 Qe6 52. Qb1+ Kg7 53. Qb2+ Kg6 54. Qc2+ Kg7 55. Qc3+ Kg6 56. Qd3+ Kg7 57.
Qd4+ Kg6 58. a5 Qc6+ 59. Kh2 Qf3 60. a6 Qh5+ 61. Kg2 Qb5 62. Qe4+ Kg5 63. a7
1-0

[Event "SK Steinegg/Raiffeisen-Groeden II"]
[Site "?"]
[Date "2013.02.16"]
[Round "9.4"]
[White "Resch, Aaron"]
[Black "Moroder, Richard"]
[Result "1-0"]
[WhiteElo "1709"]
[BlackElo "1413"]
[PlyCount "81"]
[EventDate "2013.??.??"]

1. e4 e5 2. Nf3 Nc6 3. Bc4 h6 4. d3 Nf6 5. Be3 Be7 6. Nc3 d6 7. Qd2 Ng4 8. Nd5
Nxe3 9. fxe3 Bd7 10. O-O O-O 11. Rf2 b6 12. Nxe7+ Qxe7 13. Bd5 Rad8 14. Qc3 Qe8
15. Nh4 Kh7 16. Raf1 f6 17. Nf5 Rc8 18. Rf3 Nd8 19. Rg3 Bxf5 20. exf5 c6 21.
Rg4 Qd7 22. Bb3 d5 23. Rf3 Nf7 24. Rfg3 Rg8 25. e4 Nd6 26. Qd2 Nf7 27. Rh3 Qe7
28. exd5 cxd5 29. Bxd5 Qc5+ 30. Kf1 Qxd5 31. Rg6 Ng5 32. Rh5 Qa5 33. Qc1 Qa4
34. h4 Rxc2 35. Qe3 Qc6 36. hxg5 Qxg2+ 37. Ke1 fxg5 38. Rgxg5 Qb7 39. Rg6 Qe7
40. Rhxh6+ gxh6 41. Qxh6# 1-0

[Event "SK Steinegg/Raiffeisen-Groeden II"]
[Site "?"]
[Date "2013.02.16"]
[Round "9.5"]
[White "Runggaldier, Arthur"]
[Black "Lantschner, Alexander"]
[Result "0-1"]
[WhiteElo "1396"]
[BlackElo "1398"]
[PlyCount "163"]
[EventDate "2013.??.??"]

1. e4 e5 2. Nf3 Nc6 3. Bc4 Bc5 4. d3 d6 5. h3 Nf6 6. Nc3 h6 7. a3 a6 8. Ne2 Ba7
9. O-O Be6 10. Ba2 Qc8 11. Bxe6 fxe6 12. b4 O-O 13. c3 Qe8 14. Ng3 Qg6 15. Be3
Bxe3 16. Kh2 Bf4 17. Nh4 Bxg3+ 18. fxg3 Qg5 19. Nf3 Qg6 20. Nh4 Qe8 21. g4 Nh7
22. Qd2 Rxf1 23. Rxf1 Qe7 24. g3 Qg5 25. Qa2 Re8 26. Rf3 Nd8 27. d4 exd4 28.
cxd4 Rf8 29. Rc3 c6 30. Kg2 Qf6 31. Nf3 Ng5 32. e5 dxe5 33. dxe5 Qg6 34. Nxg5
Qxg5 35. Qe2 Nf7 36. Re3 Rd8 37. Kf3 Rd5 38. h4 Nxe5+ 39. Kg2 Qf6 40. Re4 b6
41. Rf4 Qd8 42. Kh3 Qd6 43. g5 Ng6 44. Re4 Re5 45. h5 Rxe4 46. Qxe4 Ne5 47.
gxh6 Qd5 48. h7+ Kh8 49. Qb1 Nf3 50. g4 Ng5+ 51. Kh4 Nxh7 52. Qg6 Qd8+ 53. Kg3
Nf8 54. Qf7 Qd3+ 55. Kh4 Qd8+ 56. Kh3 Qf6 57. Qe8 e5 58. g5 Qe6+ 59. Qxe6 Nxe6
60. g6 Kg8 61. Kg3 e4 62. Kf2 Kf8 63. Ke3 Ng5 64. Kf4 Ke7 65. Kxg5 e3 66. h6
gxh6+ 67. Kxh6 e2 68. g7 e1=Q 69. g8=Q Qh1+ 70. Kg7 Qg2+ 71. Kh7 Qh3+ 72. Kg7
Qg4+ 73. Kh7 Qxg8+ 74. Kxg8 Kd6 75. Kf7 c5 76. bxc5+ Kxc5 77. Ke6 b5 78. Ke5 b4
79. axb4+ Kxb4 80. Kd4 a5 81. Kd3 Kb3 82. Kd4 0-1

[Event "ASD Arci Scacchi-Brixen-Milland"]
[Site "?"]
[Date "2013.02.23"]
[Round "10.1"]
[White "Sader, Michael"]
[Black "Preziuso, Toni"]
[Result "1-0"]
[WhiteElo "2169"]
[BlackElo "2108"]
[PlyCount "70"]
[EventDate "2013.??.??"]

1. Nf3 Nc6 2. c4 e5 3. Nc3 Nf6 4. g3 Bc5 5. d3 h6 6. Bg2 d6 7. O-O O-O 8. a3 a5
9. Rb1 Bf5 10. Nd2 Qd7 11. b4 axb4 12. axb4 Bd4 13. Nde4 Nxe4 14. Nxe4 Bh3 15.
e3 Bxg2 16. Kxg2 Ba7 17. Nc3 Ne7 18. Qf3 c6 19. b5 Bc5 20. Ne4 Ba3 21. bxc6
bxc6 22. Rb3 Bxc1 23. Rxc1 Rfb8 24. Rcb1 Rxb3 25. Rxb3 d5 26. cxd5 cxd5 27. Nc5
Qd6 28. d4 exd4 29. exd4 Ra7 30. Qd3 g6 31. Qb5 Nf5 32. Qe8+ Qf8 33. Qe5 Qg7
34. Qb8+ Kh7 35. Qxa7 Qxd4 1-0

[Event "ASD Arci Scacchi-Brixen-Milland"]
[Site "?"]
[Date "2013.02.23"]
[Round "10.2"]
[White "Pichler, Klaus"]
[Black "Brenninger, Daniel"]
[Result "0-1"]
[WhiteElo "1711"]
[BlackElo "2056"]
[PlyCount "36"]
[EventDate "2013.??.??"]

1. f4 d5 2. b3 Nf6 3. Bb2 g6 4. Nf3 Bg7 5. g3 O-O 6. Bg2 c6 7. O-O Bg4 8. Nh4
Qb6+ 9. Kh1 Na6 10. Qe1 Nc5 11. a4 Rad8 12. d3 Rfe8 13. Qf2 Nfe4 14. dxe4 Bxb2
15. a5 Nxe4 16. Qe1 Qe3 17. Ra2 Bd4 18. Bf3 Bh3 0-1

[Event "ASD Arci Scacchi-Brixen-Milland"]
[Site "?"]
[Date "2013.02.23"]
[Round "10.3"]
[White "Kofler, Oswald"]
[Black "Cozzi, Roberto"]
[Result "0-1"]
[WhiteElo "1858"]
[BlackElo "1513"]
[PlyCount "111"]
[EventDate "2013.??.??"]

1. d4 d5 2. c4 c6 3. Nc3 Nf6 4. Nf3 Bf5 5. Bg5 e6 6. e3 Be7 7. Be2 Nbd7 8. O-O
h6 9. Bh4 O-O 10. c5 Ne4 11. Nxe4 Bxe4 12. Bg3 b5 13. a4 a6 14. Nd2 Bg6 15. Qb3
Nf6 16. Ra2 Qd7 17. Rfa1 Qb7 18. h3 Ne4 19. Nxe4 Bxe4 20. axb5 axb5 21. f3 Bg6
22. Ra3 Rfe8 23. Qa2 Rxa3 24. Qxa3 Bf8 25. Qa6 Qxa6 26. Rxa6 Rc8 27. Rb6 Be7
28. Rb7 Bd8 29. Be1 Ra8 30. Kf2 Kf8 31. Bc3 Ke8 32. Ke1 Ra1+ 33. Kd2 Rg1 34. g4
Rh1 35. Bb4 Rxh3 36. Rb8 Kd7 37. Rxb5 cxb5 38. Bxb5+ Kc8 39. Be2 h5 40. gxh5
Bxh5 41. Ba6+ Kb8 42. f4 Rh2+ 43. Kc3 Be2 44. Bxe2 Rxe2 45. Kb3 Rxe3+ 46. Ka4
Re4 47. Bc3 Rxf4 48. b4 Kb7 49. b5 e5 50. c6+ Kc8 51. Kb4 exd4 52. Bd2 Rf2 53.
Be1 Re2 54. Bg3 d3 55. Kc3 d2 56. Kc2 0-1

[Event "ASD Arci Scacchi-Brixen-Milland"]
[Site "?"]
[Date "2013.02.23"]
[Round "10.4"]
[White "D'Ambrosio, Luca"]
[Black "Wisthaler, Lukas"]
[Result "1/2-1/2"]
[WhiteElo "1748"]
[BlackElo "1822"]
[PlyCount "65"]
[EventDate "2013.??.??"]

1. d4 d5 2. Nf3 Nf6 3. Bg5 h6 4. Bh4 c6 5. c3 Bf5 6. Qb3 Qb6 7. Qxb6 axb6 8.
Nbd2 Nbd7 9. e3 g5 10. Bg3 Nh5 11. Bc7 Rc8 12. Be5 f6 13. Bg3 Nxg3 14. hxg3 e5
15. dxe5 Nxe5 16. Nxe5 fxe5 17. Be2 Bg7 18. Nf3 O-O 19. O-O c5 20. Rad1 Rcd8
21. Rd2 e4 22. Nh2 d4 23. cxd4 cxd4 24. exd4 Rxd4 25. Rxd4 Bxd4 26. Bc4+ Kg7
27. b3 h5 28. Re1 Bd7 29. Re2 Bc6 30. a4 Bc5 31. Nf1 Rd8 32. Ne3 Kg6 33. Kf1
1/2-1/2

[Event "ASD Arci Scacchi-Brixen-Milland"]
[Site "?"]
[Date "2013.02.23"]
[Round "10.5"]
[White "Hellweg, Stephan"]
[Black "Pollana, Marco"]
[Result "1-0"]
[WhiteElo "1668"]
[BlackElo "1766"]
[PlyCount "67"]
[EventDate "2013.??.??"]

1. e4 Nc6 2. Nf3 g6 3. d4 d6 4. Be2 Bg7 5. O-O Nf6 6. Nc3 O-O 7. h3 e5 8. dxe5
dxe5 9. a3 Qe7 10. Bd3 h6 11. Be3 Rd8 12. Qe1 Nd4 13. Nd2 g5 14. Bxd4 Rxd4 15.
Ne2 Rd8 16. Ng3 g4 17. hxg4 Bxg4 18. Qe3 Nh5 19. Nxh5 Bxh5 20. Nf3 Rd6 21. Be2
Bg6 22. Bd3 Kh7 23. g3 Bf6 24. Kg2 Bh5 25. Rh1 Bxf3+ 26. Qxf3 Bg5 27. Qh5 Rg6
28. Be2 Kg7 29. Bg4 Rg8 30. Bf5 Rf6 31. Rad1 Rd8 32. Qg4 Kh8 33. Rxd8+ Qxd8 34.
Qxg5 1-0

[Event "ASD Arci Scacchi-Brixen-Milland"]
[Site "?"]
[Date "2013.02.23"]
[Round "10.6"]
[White "Rinaldo, Gaetano"]
[Black "Piela, Jonas"]
[Result "0-1"]
[WhiteElo "1607"]
[BlackElo "1419"]
[PlyCount "72"]
[EventDate "2013.??.??"]

1. Nf3 Nf6 2. d4 c5 3. d5 e6 4. c4 exd5 5. cxd5 d6 6. Nc3 g6 7. e4 Bg7 8. Bb5+
Nfd7 9. Bg5 Qc7 10. Nd2 a6 11. Bxd7+ Nxd7 12. a4 b6 13. O-O O-O 14. Qc2 Rb8 15.
Nc4 b5 16. axb5 axb5 17. Na5 Ne5 18. f4 Ng4 19. f5 Bd4+ 20. Kh1 Bd7 21. Qe2 Ne5
22. Be7 Rfe8 23. f6 b4 24. Qd2 Ng4 25. Ne2 Be3 26. Qc2 Bb5 27. Nc4 Bxc4 28.
Qxc4 Rxe7 29. fxe7 Nf2+ 30. Rxf2 Bxf2 31. Rf1 Bh4 32. Nd4 Bxe7 33. Ra1 Bf6 34.
Nb5 Qb6 35. Na7 Ra8 36. Ra6 Rxa7 0-1

[Event "ASK Niederdorf-SK Steinegg/Raiffeisen"]
[Site "?"]
[Date "2013.02.23"]
[Round "10.1"]
[White "Engl, Stefan"]
[Black "Obersteiner, Stefan"]
[Result "1/2-1/2"]
[WhiteElo "1828"]
[BlackElo "1731"]
[PlyCount "28"]
[EventDate "2013.??.??"]

1. e4 c5 2. Nf3 Nc6 3. d4 cxd4 4. Nxd4 d6 5. Bc4 Nf6 6. Nc3 e6 7. O-O Be7 8.
Be3 O-O 9. f4 Nxd4 10. Bxd4 Qc7 11. Qe2 a6 12. e5 Nd7 13. exd6 Bxd6 14. Rad1
Bc5 1/2-1/2

[Event "ASK Niederdorf-SK Steinegg/Raiffeisen"]
[Site "?"]
[Date "2013.02.23"]
[Round "10.2"]
[White "Schmidhofer, Josef"]
[Black "Lantschner, Carmen"]
[Result "1-0"]
[WhiteElo "1510"]
[BlackElo "1726"]
[PlyCount "61"]
[EventDate "2013.??.??"]

1. d4 d6 2. c4 Nf6 3. Nc3 g6 4. Nf3 Bg7 5. e4 c5 6. d5 O-O 7. Be2 e6 8. O-O
exd5 9. exd5 Bf5 10. Bd3 Bxd3 11. Qxd3 Re8 12. Bd2 Na6 13. a3 Nc7 14. Rae1 Qd7
15. b3 a6 16. Rxe8+ Rxe8 17. Re1 b5 18. Rxe8+ Qxe8 19. Qe2 Qd7 20. h3 Kf8 21.
Kf1 h6 22. Ne1 Ng8 23. Nd3 bxc4 24. bxc4 Bxc3 25. Bxc3 Qa4 26. Nf4 Qxa3 27.
Nxg6+ fxg6 28. Qf3+ Ke7 29. Bf6+ Nxf6 30. Qxa3 g5 31. Qg3 1-0

[Event "ASK Niederdorf-SK Steinegg/Raiffeisen"]
[Site "?"]
[Date "2013.02.23"]
[Round "10.3"]
[White "Engl, Alexander"]
[Black "Girardelli, Daniel"]
[Result "1-0"]
[WhiteElo "1710"]
[BlackElo "1398"]
[PlyCount "77"]
[EventDate "2013.??.??"]

1. e4 e5 2. Nf3 d6 3. Bc4 Bg4 4. d3 Be7 5. Be3 Nc6 6. h3 Bd7 7. Nc3 h6 8. d4
exd4 9. Nxd4 Bf6 10. Nd5 Ne5 11. Bb3 c6 12. Nc3 Ne7 13. O-O O-O 14. f4 N5g6 15.
Qd2 c5 16. Ndb5 Bxb5 17. Nxb5 Nc8 18. Rad1 Be7 19. Qe2 Qb6 20. Nc3 Qb4 21. a3
Qa5 22. Qg4 Kh7 23. Nd5 Qd8 24. e5 Nb6 25. Nxe7 Qxe7 26. Rxd6 f5 27. Qxg6+ Kh8
28. Rfd1 c4 29. Bxb6 axb6 30. Rd7 Qc5+ 31. R1d4 Qxd4+ 32. Rxd4 cxb3 33. Rd7 Rg8
34. c3 Rad8 35. e6 b5 36. Qf7 b4 37. cxb4 b6 38. Rxd8 Rxd8 39. e7 1-0

[Event "ASK Niederdorf-SK Steinegg/Raiffeisen"]
[Site "?"]
[Date "2013.02.23"]
[Round "10.4"]
[White "Haspinger, Hartmann"]
[Black "Resch, Aaron"]
[Result "0-1"]
[WhiteElo "1349"]
[BlackElo "1709"]
[PlyCount "80"]
[EventDate "2013.??.??"]

1. d4 b6 2. c4 Bb7 3. Nc3 g6 4. e4 Bg7 5. Nf3 d6 6. Qc2 Nd7 7. Bd3 e6 8. O-O
Ne7 9. Re1 O-O 10. Bf4 Nc6 11. Be3 e5 12. d5 Nb4 13. Qd2 Nxd3 14. Qxd3 f5 15.
Bg5 Qc8 16. exf5 Nc5 17. Qe3 Qxf5 18. Ne4 Nxe4 19. Qxe4 Rae8 20. Rad1 Bc8 21.
b3 h6 22. Bc1 Qxe4 23. Rxe4 Bf5 24. Re3 Bg4 25. Bb2 e4 26. Bxg7 Kxg7 27. h3
Bxf3 28. gxf3 Rxf3 29. Kg2 Ref8 30. Rxf3 exf3+ 31. Kg3 h5 32. Rd3 g5 33. Rxf3
Rxf3+ 34. Kxf3 Kf6 35. Kg3 Kf5 36. h4 a5 37. a4 Kf6 38. f4 g4 39. Kg2 Kf5 40.
Kg3 Ke4 0-1

[Event "ASK Niederdorf-SK Steinegg/Raiffeisen"]
[Site "?"]
[Date "2013.02.23"]
[Round "10.5"]
[White "Mair, Stephan"]
[Black "Pallhuber, Manfred"]
[Result "1-0"]
[WhiteElo "1410"]
[BlackElo "1382"]
[PlyCount "97"]
[EventDate "2013.??.??"]

1. d4 d5 2. Bf4 Bf5 3. e3 e6 4. Nf3 a6 5. Bd3 Bxd3 6. Qxd3 Nc6 7. c3 Nf6 8.
Nbd2 Bd6 9. Bg3 h6 10. O-O O-O 11. e4 dxe4 12. Nxe4 Be7 13. Rad1 Rc8 14. Rfe1
Nxe4 15. Qxe4 Bf6 16. a3 Re8 17. Re2 Ne7 18. Qxb7 a5 19. Qe4 Rb8 20. Red2 Rb6
21. Ne5 Qc8 22. Nc4 Ra6 23. Qg4 Nd5 24. Ne3 Bg5 25. Nxd5 exd5 26. Qxc8 Rxc8 27.
Re2 Kf8 28. Rde1 Rc6 29. Re5 Rd8 30. R5e2 a4 31. Rb1 Re8 32. Ree1 Bf6 33. Be5
Bxe5 34. Rxe5 Rd6 35. Rbe1 Rb8 36. R1e2 c6 37. g3 Rdd8 38. Re7 Re8 39. Rxe8+
Rxe8 40. Rxe8+ Kxe8 41. Kf1 Ke7 42. Ke2 Kd6 43. Kd3 c5 44. dxc5+ Kxc5 45. f3 g5
46. g4 f6 47. h3 Kd6 48. Kd4 Kc6 49. c4 1-0